| 000 | 00597nam a2200205Ia 4500 | ||
|---|---|---|---|
| 001 | 5267 | ||
| 003 | GE_BSU | ||
| 008 | 181216s||||||||xx |||||||||||||| ||und|| | ||
| 040 | _cGE_BSU | ||
| 080 | _a171 | ||
| 100 | _aВичев, В. | ||
| 245 | _aМораль и социальная психика. | ||
| 245 | _cОбщ. ред. Ю. А. Шерковина. Пер с Болгаского. Ю.А.Мельцева. | ||
| 260 | _aМосква | ||
| 260 | _bПрогресс | ||
| 260 | _c1978. | ||
| 300 | _a356 стр.20 см. | ||
| 653 | _aМораль и социальная | ||
| 942 | _cBK | ||
| 999 |
_c38856 _d38856 |
||